00788nam a2200229 a 450000100060000000300080000600500170001400800410003103500190007204000270009104100080011808200250012610000310015124501510018226000670033330000230040049000290042350000190045265000210047170000370049283000290052969492BD-RjUL20211209081909.0170412s1960 enka 001 0 eng d a(BD-RjUL)69704 aNLMcNLMdBD-RjULbeng aeng a546.22223bMIA 19601 aMitchell, John,d1913-199610aAquametry :bapplication of the Karl Fischer reagent to quantitative analyses involving water /c[by] John Mitchell, Jr., and Donald Milton Smith. aNew York :bInterscience Publishers,cc1948 [reprinting 1960]. axi, 444 p. :bill.0 aChemical analysis,vv. 5 aIncludes index 2aWaterxanalysis.1 aSmith, Donald Milton,d1902-1983 aChemical analysis,vv. 5